00474 a2200145 4500001000700000020001800007040002200025041001600047082002300063100001800086245013300104260003600237362001300273500004200286136767 a9788563066060 cLeonardo Da Vinci aPortuguês a650.1 T791mbT791m aTRUMP, Ivanka aMulheres inteligentes jogam para ganharbnão importa de onde você comece, supere todas as expectativas no trabalho e na vida bLua de papelc2010aSão Paulo a20100000 aTradução: Thereza Christina Motta